• 首页
  • 本馆介绍
  • 公告通知
  • 最新文献
  • 馆藏检索
  • 电子资源
  • 读者导购
  • 参考咨询
  • 我的图书馆
  • 登录
  • 详细信息显示
  • 放入我的书架
  • 预约/预借图书
  • 作者相关作品
  • 分类相关作品
  • 丛书相关作品
  • 出版社相关作品

书目信息

  • 表格格式
  • 工作单格式
  • 卡片格式
题名:
心灵鸡汤
    
 
作者: 亨特 著 ;李涛 , 张书森 编译
分册:   充满阳光的成长历程
出版信息: 呼和浩特   远方出版社  2004
页数: 10,287页
开本: 20cm
丛书名: 励志文库
单 册:
中图分类: I712.6
科图分类:
主题词: 散文--作品集--美国--现代
电子资源:
ISBN: 7-80595-905-6
000 01099oam2 2200301 45
001 0900000012238
005 20051017154050.54
010    @a7-80595-905-6@dCNY400.00(全十六册)
092    @aCN
100    @a20040923d2004 ekmy0chiy0120 ea
101 1  @achi@ceng
102    @aCN@b150000
105    @ay z 000yy
200 1  @a心灵鸡汤@9xin ling ji tang@i充满阳光的成长历程@f(美)莫顿·亨特等著@F(mei)mo dun·heng te deng zhu@g李涛,张书森编译
210    @a呼和浩特@c远方出版社@d2004
215    @a10,287页@d20cm
225 2  @a励志文库
300    @a70个激励心志的成长故事
330    @a该书含有70个激励心志的成长故事。内设有“通往广场的路不止一条”、“为我唱支歌”、“我的绝妙坏诗”、“假如赶快些”、“我们是在养小孩,不是在养花”等十个专题。
461  0 @12001 @a励志文库
517 1  @a充满阳光的成长历程@9chong man yang guang de cheng zhang li cheng
606 0  @a散文@x作品集@y美国@z现代
690    @aI712.6@v4
701  0 @a亨特@Aheng te@4著
702  0 @a李涛@9li tao@4编译
702  0 @a张书森@9zhang shu sen@4编译
801  0 @aCN@bTSSF@c20051017
905    @a10447@dI712.6@e401:2
    
    心灵鸡汤.充满阳光的成长历程/(美)莫顿·亨特等著/李涛,张书森编译 .-呼和浩特:远方出版社,2004
    10,287页;20cm.-(励志文库 )
    70个激励心志的成长故事
    
    ISBN 7-80595-905-6:CNY400.00(全十六册)
    该书含有70个激励心志的成长故事。内设有“通往广场的路不止一条”、“为我唱支歌”、“我的绝妙坏诗”、“假如赶快些”、“我们是在养小孩,不是在养花”等十个专题。
●
相关链接 在E读中查询图书 在五车中查询图书 在当当中查询图书 在豆瓣中查询图书


正题名:心灵鸡汤     索取号:I712.6/401:2         预约/预借

序号 登录号 条形码 馆藏地/架位号 状态 备注
1 0366571   3665714   第一样本阅览室/ [索取号:I712.6/401:2] 在馆    
2 0366572   3665723   第二借阅区/ [索取号:I712.6/401:2] 在馆    
3 0366573   3665732   第二借阅区/ [索取号:I712.6/401:2] 在馆    
4 0366574   3665741   第二借阅区/ [索取号:I712.6/401:2] 在馆    
5 0366575   3665750   第二借阅区/ [索取号:I712.6/401:2] 在馆    
唐山师范学院图书馆 欢迎您!
大连网信软件有限公司© 版权所有